000 00450nam a2200157 4500
001 107772
003 ES-MaACL
005 20230906184504.0
007 t|
008 061121s1951 sp r ||||1| spa d
100 1 _aMoreno Chamorro, Gabriel.
_983349
245 1 0 _aSiderales /
_cGabriel Moreno Chamorro.
260 _aCórdoba :
_b[s.n.,
_c1951] (
_fTip. Vda. de Antonio Santos)
300 _a71 p. ;
_c21.
852 _aES-MaACL
_j1927-F-11
_bR.31164
999 _c107772
_d107772